Euro football : toutes les équipes - Statistiques

Statistiques générales
  • Ce quiz a été pris 512 fois
  • Le résultat moyen est 31 sur 37
Statistiques - réponses
rang Pays Vainqueur finaliste 1/2 1/4 1/8 1er tour % Correct
1 Allemagne (RFA) 3 3 3 1 1 2
99%
4 France 2 1 2 2 1 2
99%
6 Portugal 1 1 3 2 1 0
99%
2 Espagne 3 1 1 2 1 3
98%
3 Italie 2 2 2 2 0 2
98%
12 Angleterre 0 1 2 2 1 3
96%
14 Belgique 0 1 1 2 0 2
93%
26 Irlande 0 0 0 0 1 3
92%
7 Pays Bas 1 0 4 2 1 2
92%
16 Suède 0 0 1 1 1 4
92%
21 Suisse 0 0 0 1 1 3
91%
20 Croatie 0 0 0 2 2 2
90%
8 Danemark 1 0 3 1 0 4
90%
10 Grèce 1 0 0 1 0 2
90%
19 Russie 0 0 1 0 0 5
89%
32 Norvège 0 0 0 0 0 1
88%
15 Hongrie 0 0 2 0 1 1
87%
36 Finlande 0 0 0 0 0 1
85%
30 Ecosse 0 0 0 0 0 3
84%
24 Ukraine 0 0 0 1 0 2
84%
27 Autriche 0 0 0 0 1 2
83%
23 Pologne 0 0 0 1 0 3
83%
17 Turquie 0 0 1 1 0 3
82%
28 Slovaquie 0 0 0 0 1 1
81%
25 Islande 0 0 0 1 0 0
79%
13 République Tchèque 0 1 1 2 0 3
78%
18 Galles 0 0 1 0 1 0
77%
33 Slovénie 0 0 0 0 0 1
77%
22 Roumanie 0 0 0 1 0 4
76%
35 Albanie 0 0 0 0 0 1
72%
31 Bulgarie 0 0 0 0 0 2
72%
11* Yougoslavie 0 2 1 1 0 1
71%
29 Irlande du Nord 0 0 0 0 1 0
70%
5* URSS (CEI) 1 3 1 0 0 1
68%
9* Tchécoslovaquie 1 0 2 0 0 0
61%
37 Macédoine du Nord 0 0 0 0 0 1
60%
34 Lettonie 0 0 0 0 0 1
58%
Aucun quiz correspondant
Distribution des résultats
% des personnes avec chaque résultat
Percentile par nombre de réponses
Votre historique - résultats
Vous n’avez pas pris ce quiz